000 00598nam a22001937a 4500
999 _c7193
_d7193
003 OSt
005 20260515062530.0
008 181203s2014 fr ||||| |||| 00| 0 fre d
020 _a9782362200267
040 _aCDMR
_bcat
_cCDMR
245 1 0 _aPeter Lindbergh
_b: 100 photos for press freedom
260 _aParis :
_bReporters sans Frontieres,
_c2014
300 _a148 p. :
_bfotografies ;
_c26 cm
490 _aReporters without borders ;
_v46
650 0 4 _91582
_aLlibertat d'impremta
_xFotografia
700 1 _94627
_aLindbergh, Peter
710 2 _aReporters Sans Frontières
_91923
942 _2udc
_cMON